| 000 | 00452nam a2200181Ia 4500 | ||
|---|---|---|---|
| 003 | LK-CoDNM | ||
| 005 | 20240216103235.0 | ||
| 008 | 010623t1946 xxu||||| |||| 00| 1 sin d | ||
| 040 |
_aLK-CoDNM _dLK-CoDNM _eLK-CoDNM |
||
| 041 | _asin | ||
| 080 |
_a104 _bT 40 |
||
| 100 | _aThennakoon,Repiyal | ||
| 245 | _aහැවිල්ල | ||
| 246 | _aHeavilla | ||
| 260 |
_bP.Thudawe gunawardena _aPanadura _c1946 |
||
| 300 | _b112p., 18 cm | ||
| 942 | _cBK | ||
| 999 |
_c100998 _d100998 |
||